<?xml version="1.0" encoding="UTF-8"?>
<record
    xmlns:xsi="http://www.w3.org/2001/XMLSchema-instance"
    xsi:schemaLocation="http://www.loc.gov/MARC21/slim http://www.loc.gov/standards/marcxml/schema/MARC21slim.xsd"
    xmlns="http://www.loc.gov/MARC21/slim">

  <leader>02094nam a2200337   4500</leader>
  <controlfield tag="001">113519</controlfield>
  <controlfield tag="003">DR-UNIBE</controlfield>
  <controlfield tag="005">20260317115107.0</controlfield>
  <controlfield tag="008">250429b2010    ec ||||| |||| 00| 0 spa d</controlfield>
  <datafield tag="020" ind1=" " ind2=" ">
    <subfield code="a">9789978928769</subfield>
  </datafield>
  <datafield tag="020" ind1=" " ind2=" ">
    <subfield code="a">9978928766</subfield>
  </datafield>
  <datafield tag="040" ind1=" " ind2=" ">
    <subfield code="a">BIBLIOTECA UNIBE</subfield>
    <subfield code="c">BIBLIOTECA UNIBE</subfield>
    <subfield code="b">spa</subfield>
    <subfield code="e">rda</subfield>
  </datafield>
  <datafield tag="041" ind1=" " ind2=" ">
    <subfield code="a">spa</subfield>
  </datafield>
  <datafield tag="082" ind1=" " ind2=" ">
    <subfield code="2">22</subfield>
    <subfield code="a"> 342.8 E19n</subfield>
  </datafield>
  <datafield tag="110" ind1="1" ind2="0">
    <subfield code="a">Ecuador. Corte Constitucional para el Per&#xED;odo de Transici&#xF3;n</subfield>
    <subfield code="9">194709</subfield>
  </datafield>
  <datafield tag="245" ind1="1" ind2="3">
    <subfield code="a">El nuevo constitucionalismo en Am&#xE9;rica Latina : </subfield>
    <subfield code="b">memorias del encuentro internacional El Nuevo Constitucionalismo : desaf&#xED;os y retos para el siglo XXI /</subfield>
    <subfield code="c">cuidado de la edici&#xF3;n: &#xC1;ngel Oleas Gallo ; correcci&#xF3;n de estilo: Andrea &#xC1;vila J&#xE1;come ; transcripci&#xF3;n de textos: M&#xF3;nica Reyes, Jos&#xE9; Luis Espinoza, Alejandra Tapia  ; diagramaci&#xF3;n y dise&#xF1;o: Sutti Arte &amp; Comunicaci&#xF3;n </subfield>
  </datafield>
  <datafield tag="250" ind1=" " ind2=" ">
    <subfield code="a">Primera edici&#xF3;n</subfield>
  </datafield>
  <datafield tag="260" ind1=" " ind2=" ">
    <subfield code="a">Quito : </subfield>
    <subfield code="b">Corte Constitucional,</subfield>
    <subfield code="c">2010</subfield>
  </datafield>
  <datafield tag="300" ind1=" " ind2=" ">
    <subfield code="a">92 p&#xE1;ginas ; </subfield>
    <subfield code="c">22  x 14 cm</subfield>
  </datafield>
  <datafield tag="500" ind1=" " ind2=" ">
    <subfield code="a">Comentario de la obra en las solapas</subfield>
  </datafield>
  <datafield tag="505" ind1=" " ind2=" ">
    <subfield code="a">Presentaci&#xF3;n |
I. Aspectos generales del nuevo constitucionalismo latinoamericano. Riberto Viciano y Rub&#xE9;n Mart&#xED;nez |
II. Los retos del constitucionalismo en el siglo XXI. Miguel Carbonell |
III. Neoconstitucionalismo y uso alternativo del derecho. Jos&#xE9; Antonio Mart&#xED;n Pall&#xED;n |
IV. Los derechos econ&#xF3;micos y sociales en el nuevo constitucionalismo. Carlos Gaviria D&#xED;az |
V. Mutaciones constitucionales; nuevo rol del la interpretaci&#xF3;n constitucional. Carlos Alberto L&#xF3;pez Cadena</subfield>
  </datafield>
  <datafield tag="651" ind1=" " ind2="7">
    <subfield code="a">Am&#xE9;rica Latina</subfield>
    <subfield code="x">Historia  constitucional</subfield>
    <subfield code="9">194711</subfield>
  </datafield>
  <datafield tag="651" ind1=" " ind2="7">
    <subfield code="a">Am&#xE9;rica Latina</subfield>
    <subfield code="x">Derecho  constitucional</subfield>
    <subfield code="9">194712</subfield>
  </datafield>
  <datafield tag="700" ind1="1" ind2="0">
    <subfield code="a">Oleas Gallo, &#xC1;ngel</subfield>
    <subfield code="9">194713</subfield>
    <subfield code="e">cuidado de la edici&#xF3;n </subfield>
  </datafield>
  <datafield tag="700" ind1="1" ind2="0">
    <subfield code="a">&#xC1;vila J&#xE1;come, Andrea</subfield>
    <subfield code="9">194714</subfield>
    <subfield code="e">corrector de estilo</subfield>
  </datafield>
  <datafield tag="700" ind1="1" ind2="0">
    <subfield code="a">Reyes, M&#xF3;nica</subfield>
    <subfield code="9">194715</subfield>
    <subfield code="e">transcriptor de textos</subfield>
  </datafield>
  <datafield tag="700" ind1="1" ind2="0">
    <subfield code="a">Espinoza, Jos&#xE9; Luis</subfield>
    <subfield code="9">194716</subfield>
    <subfield code="e">transcriptor de textos</subfield>
  </datafield>
  <datafield tag="700" ind1="1" ind2="0">
    <subfield code="a">Tapia, Alejandra</subfield>
    <subfield code="9">194717</subfield>
    <subfield code="e">transcriptor de textos</subfield>
  </datafield>
  <datafield tag="710" ind1="1" ind2="0">
    <subfield code="a">Sutti Arte &amp; Comunicaci&#xF3;n </subfield>
    <subfield code="9">194718</subfield>
    <subfield code="e">diagramador</subfield>
    <subfield code="e">dise&#xF1;ador</subfield>
  </datafield>
  <datafield tag="942" ind1=" " ind2=" ">
    <subfield code="2">ddc</subfield>
    <subfield code="c">BK</subfield>
  </datafield>
  <datafield tag="999" ind1=" " ind2=" ">
    <subfield code="c">113519</subfield>
    <subfield code="d">113519</subfield>
  </datafield>
  <datafield tag="952" ind1=" " ind2=" ">
    <subfield code="0">0</subfield>
    <subfield code="1">0</subfield>
    <subfield code="2">ddc</subfield>
    <subfield code="7">0</subfield>
    <subfield code="8">GEN</subfield>
    <subfield code="a">Principal</subfield>
    <subfield code="d">2025-04-01</subfield>
    <subfield code="l">0</subfield>
    <subfield code="o"> 342.8 E19n</subfield>
    <subfield code="p">250369</subfield>
    <subfield code="r">2025-04-29 16:27:17</subfield>
    <subfield code="t">Ej. 1</subfield>
    <subfield code="w">2025-04-29</subfield>
    <subfield code="y">BK</subfield>
  </datafield>
</record>
